Major Suburban Towns of London - Statistics

General Stats
  • This quiz has been taken 336 times
  • The average score is 17 of 59
Answer Stats
Answer % Correct
Croydon
74%
Kingston upon Thames
61%
Richmond
61%
Bromley
58%
Sutton
57%
Dagenham
56%
Harrow
53%
Hounslow
51%
Bexley
48%
Romford
48%
Barking
47%
Uxbridge
45%
Wembley
44%
Ilford
41%
Twickenham
41%
Hayes
39%
Orpington
33%
Ruislip
33%
Surbiton
33%
Southall
31%
Upminster
31%
Brentford
30%
Beckenham
29%
Morden
29%
Purley
28%
Bexleyheath
26%
Teddington
26%
Feltham
24%
Hornchurch
24%
Mitcham
24%
Edgware
23%
Erith
23%
Sidcup
23%
Carshalton
22%
New Malden
22%
Pinner
22%
Hampton
20%
Isleworth
20%
Northwood
19%
Stanmore
19%
Wallington
19%
Chislehurst
17%
Coulsdon
17%
Greenford
17%
Chessington
15%
Northolt
14%
Rainham
14%
Enfield Town
13%
Worcester Park
13%
Welling
12%
Biggin Hill
11%
West Drayton
11%
Kenley
9%
Thornton Heath
9%
Woodford Green
9%
Chipping Barnet
7%
West Wickham
7%
Belvedere
6%
Chelsfield
4%
No matching quizzes found
Score Distribution
Percent of People with Each Score
Percentile by Number Answered
Your Score History
You have not taken this quiz